000 00527nam a2200193 i 4500
001 10654
003 ES-MaACL
005 20231125063005.0
007 t|
008 950926s1995 sp ||||1| spa d
020 _a84-204-8168-8
080 _a860-31"19"
100 1 _aDíez, Luis Mateo,
_d1942-
_944658
245 1 0 _aCamino de perdición /
_cLuis Mateo Díez.
260 _aMadrid :
_bAlfaguara,
_cD.L. 1995.
300 _a466 p. ;
_c22 cm.
852 _aES-MaACL
_jL-17963
_bR.123992
999 _c10654
_d10654